banner-ar

MAHABHARATA / (Record no. 19624)

MARC details
000 -الفاتح
حقل البيانات ثابتة الطول 00505nam a2200193Ia 4500
008 - عناصر البيانات ثابتة الطول - معلومات عامة
حقل البيانات ثابتة الطول 140319s9999 xx 000 0 eng d
040 ## - مصدر الفهرسة
وكالة الفهرسة الأصلية GCL /
وكالة النسخ GCL
082 04 - رقم تصنيف ديوى العشرى
رقم التصنيف 294.5923
رقم المادة R M
100 1# - المدخل الرئيسى - إسم شخصى
الإسم الشخصى RAJAGOPALACHARI , C
245 10 - بيان العنوان
العنوان MAHABHARATA /
بيان المسئوليه,etc RAJAGOPALACHARI , C
260 ## - PUBLICATION, DISTRIBUTION, ETC. (IMPRINT)
تاريخ النشر أو التوزيع 1985
300 ## - الوصف المادى
التعداد 332 P
490 ## - بيان السلسلة
عنوان السلسلة BHAVAN'S BOOK UNIVERSITY
رقم المجلد/ التعيين التسلسلي 0
650 04 - المدخل الاضافى بالموضوع-مصطلح موضوعى
مصطلح موضوعي INDIA - RELIGION
650 04 - المدخل الاضافى بالموضوع-مصطلح موضوعى
مصطلح موضوعي HINDUISM
650 04 - المدخل الاضافى بالموضوع-مصطلح موضوعى
مصطلح موضوعي MAHABHARATA
942 ## - عناصر المدخل الإضافي( كوها)
مصدر التصنيف او مخطط الترفيف Dewey Decimal Classification
Koha [default] item type كتاب
260 ## - PUBLICATION, DISTRIBUTION, ETC. (IMPRINT)
-- [S.N] :
-- BHARATIYA VIDYA BHAVAN ،
Holdings
حالة التراجع حالة الفقد حالة تلف ليس للاعارة المكان المؤقت الموقع الحالى تاريخ الاكتساب اجمالي اﻻعارات رقم الطلب الباركود تاريخ اخر مشاهدة تاريخ تفعيل السعر نوع وعاء كوها
        مكتبة القاهرة الكبرى مكتبة القاهرة الكبرى 03/26/2014   294.5923\R M 37305 03/26/2014 03/26/2014 كتاب

Powered By

EGPV